| 000 | 00936cam a2200313 a 4500 | ||
|---|---|---|---|
| 999 |
_c4406 _d4406 |
||
| 003 | ALUPE UNIVERSITY | ||
| 005 | 20220323090837.0 | ||
| 008 | 900618s1990 pau b 1 0 eng d | ||
| 020 | _a0397510896 | ||
| 040 | _cALUPE UNIVERSITY | ||
| 049 | _aAEU | ||
| 050 | 0 | 0 |
_aRD598.3 _b.P74 1990 |
| 060 | 0 | _aWO 179 P9266 | |
| 090 | 0 | _aRD 598.3 P927 1990 | |
| 245 | 0 | 0 |
_aPreoperative cardiac assessment / _cedited by Dennis T. Mangano ; with 8 contributors. |
| 260 |
_aPhiladelphia : _bLippincott, _cc1990. |
||
| 300 |
_axii, 174 p. : _bill. ; _c24 cm. |
||
| 336 |
_atext _btxt _2rdacontent |
||
| 337 |
_aunmediated _bn _2rdamedia |
||
| 338 |
_avolume _bnc _2rdacarrier |
||
| 504 | _aIncludes bibliographical references. | ||
| 583 | 1 | _5AEU | |
| 650 | 0 |
_aHeart _xSurgery. |
|
| 650 | 0 | _aPreoperative care. | |
| 650 | 2 |
_aHeart Diseases _xcomplications. |
|
| 650 | 2 | _aRisk Factors. | |
| 700 | 1 | _aMangano, Dennis T. | |
| 942 |
_2lcc _cBK |
||